University Home | Library Home | Institutional Repository

Understanding public policy. (Record no. 153602)

MARC details
000 -LEADER
fixed length control field 00595cam7a220021700 4500
001 - CONTROL NUMBER
control field zam00002640
008 - FIXED-LENGTH DATA ELEMENTS--GENERAL INFORMATION
fixed length control field 951128s1982 xx eng u
035 ## - SYSTEM CONTROL NUMBER
System control number (Sirsi) r88011
035 ## - SYSTEM CONTROL NUMBER
System control number (MACHINE)SLC.
100 ## - MAIN ENTRY--PERSONAL NAME
Personal name Dye, T. R.
Linkage A47572.1
245 10 - TITLE STATEMENT
Title Understanding public policy.
260 ## - PUBLICATION, DISTRIBUTION, ETC.
Date of publication, distribution, etc. 1982.
591 ## -
-- Class code: PA 410.
591 ## -
-- Course: Development administration.
591 ## -
-- School: S05.
591 ## -
-- Lecturer: Dr. MUSHOTA, R.T.
591 ## -
-- Number of Students: 101.
949 ## - LOCAL PROCESSING INFORMATION (OCLC)
a DYE1-UND
w lcc
m MAIN
t BOOK
l ON-SHELF
909 ## -
-- Reprint

No items available.

© 2026 - The University of Zambia Library - Koha v25.11